| 000 | 01293nam a22003617a 4500 | ||
|---|---|---|---|
| 003 | CHAP | ||
| 005 | 20220329143350.0 | ||
| 008 | 081226s2000 sp a r 00110 spa d | ||
| 010 | _a95562 | ||
| 011 | _a96534 | ||
| 020 | _a8428211728 | ||
| 035 | _a107188 | ||
| 040 | _cCHAP | ||
| 082 | 0 | 4 |
_a547 _bV88y _22000 |
| 100 | 0 | 0 |
_aVollhardt, K. Peter C. _9120650 |
| 245 | 1 | 0 |
_aQuímica orgánica : _bestructura y función _c/por K. Peter C. Vollhardt y Neil E. Schore ; tr. David Andreu Martínez |
| 250 | _a3 ed. | ||
| 260 |
_aEspaña : _bOmega, _cc2000 |
||
| 300 |
_axxxiv, 1213, [84] p. : _bilus. |
||
| 500 | _aIncluye índice | ||
| 505 | 0 | _aTraducción de: Organic chemistry : structure and function | |
| 590 |
_aBATCH-UPD _b10 _c20130110 _lUCH01 _h0442 |
||
| 590 |
_aBATCH-UPD _b10 _c20130410 _lUCH01 _h0119 |
||
| 590 |
_aBATCH-UPD _b10 _c20130914 _lUCH01 _h1802 |
||
| 590 |
_aCONVERSION _b10 _c20130109 _lUCH01 _h1353 |
||
| 650 | 0 | 4 |
_aQuímica orgánica. _993598 |
| 700 | 0 |
_aSchore, Neil Eric. _9103147 |
|
| 700 | 1 |
_aMartínez, David Andreu _etr. _972664 |
|
| 901 | _aBK | ||
| 942 | _cLIBRO | ||
| 949 |
_a547 V88y 2000 _bBC _cLIBRO _d33724002069892 _eLIBRO _fc.2 _gI.c/e _h110197 _i107188 _si _t$994.50 |
||
| 949 |
_a547 V88y 2000 _bBC _cLIBRO _d33724002259074 _eLIBRO _gI.c/e _h110196 _i107188 _si _t$994.50 |
||
| 999 |
_c95562 _d95562 |
||